000 01171cam a2200325 i 4500
001 20755344
003 OSt
005 20230112150250.0
008 181123s2019 maua b 001 0 eng
010 _a 2018965278
020 _a9780128174029
040 _aDLC
_beng
_erda
_cDLC
_dGSU
042 _apcc
050 0 0 _aQA76.9.S88
_bWOL
082 0 4 _a004.21
_223
100 1 _aWolf, Marilyn,
_d1958-
_eauthor.
245 1 0 _aEmbedded system interfacing :
_bdesign for the internet-of-things (IoT) and cyber-physical systems (CPS) /
_cMarilyn Wolf.
264 1 _aCambridge, MA :
_bMorgan Kaufmann Publishers,
_c[2019]
300 _axiii, 223 pages :
_billustrations ;
_c24 cm
336 _atext
_btxt
_2rdacontent
337 _aunmediated
_bn
_2rdamedia
338 _avolume
_bnc
_2rdacarrier
504 _aIncludes bibliographical references (pages 213-215) and index.
650 0 _aSystem design.
650 0 _aComputer interfaces.
650 0 _aEmbedded computer systems.
906 _a7
_bcbc
_corignew
_d2
_eepcn
_f20
_gy-gencatlg
942 _2lcc
_cBK
_n0
999 _c1557
_d1557